| 000 | 02490cam a22005294i 4500 | ||
|---|---|---|---|
| 001 | u153998 | ||
| 003 | PE-LiUPU | ||
| 005 | 20250731165356.0 | ||
| 008 | 150624s2013 sp a r 000 0 spa d | ||
| 020 | _a9788415656647 | ||
| 035 | _a(Sirsi) i9788415656647 | ||
| 040 |
_aPE-LiUPU _bspa _cPE-LiUPU _erda |
||
| 082 | 0 | 4 |
_a005.8 _bE79 2013 |
| 100 | 1 |
_aEscrivá Gascó,Gema, _eautor. |
|
| 245 | 1 | 0 |
_aSeguridad informática / _cGema Escrivá Gascó [y otros 3]. |
| 264 | 1 |
_aMadrid : _bMacmillan Iberia, _c[2013]. |
|
| 300 |
_a214 páginas : _bilustraciones ; _c27 centímetros |
||
| 336 |
_atext _2rdacontent |
||
| 337 |
_aunmediated _2rdamedia |
||
| 338 |
_avolume _2rdacarrier |
||
| 505 | 0 | _aUnidad 1. Introducción a la seguridad informática -- Unidad 2. Seguridad física -- Unidad 3. Seguridad lógica -- Unidad 4. Criptografía -- Unidad 5. Aplicaciones de la criptografía -- Unidad 6. Software malicioso -- Unidad 7. Medidas de protección contra el malware -- Unidad 8. Gestión del almacenamiento -- Unidad 9. Seguridad en redes -- Unidad 10. Normativa sobre seguridad y protección de datos. | |
| 526 | _aSEG44 | ||
| 526 | _aSEG26 | ||
| 526 | _aP151 | ||
| 526 | _aP150 | ||
| 526 | _aP149 | ||
| 526 | _aP146 | ||
| 526 | _aP145 | ||
| 526 | _aP126 | ||
| 526 | _aP125 | ||
| 526 | _aP92 | ||
| 526 | _aP75 | ||
| 526 | _aP74 | ||
| 526 | _aP27 | ||
| 526 | _aP15 | ||
| 541 | _g043-0014560; | ||
| 541 | _g043-0014555; | ||
| 596 | _a1 2 | ||
| 650 | 7 |
_aSeguridad informática. _2embne _92749 |
|
| 910 |
_ajche _bjkc _cjche _d20150622 |
||
| 942 |
_2ddc _cBOOK |
||
| 994 |
_aC0 _bPEPRU |
||
| 949 |
_a005.8 E79 2013 _wDEWEY _c1 _iFT02887 _lCCODEBUT1 _mBUT _p34.72 _r0 _sY _tBOOK _u2015-9-21 _xINGENIERIA _PP27 _0COMPRA _o.STAFF. Colección General |
||
| 949 |
_a005.8 E79 _wDEWEY _c1 _i71850 _d2015-12-2 _e2015-12-1 _f2018-2-12 _g3 _lCCODEBUL1 _mBUL _n5 _p35.27 _r0 _sY _tBOOK _u2015-6-22 _xFCE _zINFORMATIC _0COMPRA _o.STAFF. Colección general |
||
| 999 |
_a005.8 E79 _wDEWEY _c6703 _i71850 _d6703 _e2015-12-1 _f2022-4-17 _g6 _lCCODEBUL1 _mBUL _n5 _p35.27 _q1 _r1 _sY _tBOOK _u2015-6-22 _xFCE _zINFORMATIC _0COMPRA _o.STAFF. Colección general |
||
| 999 |
_a005.8 E79 2013 _wDEWEY _c1 _iFT02887 _d2019-5-23 _e2019-5-23 _f2019-2-20 _g2 _lCCODEBUT1 _mBUT _n1 _p34.72 _r0 _sY _tBOOK _u2015-9-21 _xINGENIERIA _PP27 _0COMPRA _o.STAFF. Colección General Tarapoto |
||
| 980 |
_81 _gALBERTO SANCHEZ Responsable de Automatización |
||